| 000 | 006730000a22001930004500 | ||
|---|---|---|---|
| 003 | LK-CoMWRAF | ||
| 005 | 20231226094847.0 | ||
| 008 | 230817t1955 ||||| |||| 00| 0 eng d | ||
| 040 |
_aLK-CoMWRAF _dLK-CoMWRAF _eLK-CoMWRAF |
||
| 041 | _aeng | ||
| 082 |
_a305.894 _bNAY |
||
| 100 | _aNayagam, Xavier S. Thani | ||
| 245 |
_aTamil culture: _bits past, its present, its future with special reference to Ceylon |
||
| 260 |
_aColombo: _bTamil Cultural Society, _c1955 |
||
| 300 | _a 24 p. ; 22 cm | ||
| 505 | _aAn address delivered under the auspices of the Tamil Cultural Society, on August 2nd 1955, at the Colombo Town Hall | ||
| 650 | _aTAMIL (INDIC PEOPLE) | ||
| 942 | _cBK | ||
| 999 |
_c1256 _d1256 |
||